|
|
|
|
| LEADER |
00000nam a2200000 a 4500 |
| 001 |
vtls008997004 |
| 003 |
SK-MaSNL |
| 005 |
20260302075758.0 |
| 008 |
070607s2006 pl g c 001 0 pol |
| 020 |
|
|
|a 8370094864 (cz. 2 : brož.)
|
| 020 |
|
|
|a 83-7009478-3 (soubor)
|
| 040 |
|
|
|a SNK
|b slo
|c SNK
|e AACR2
|
| 041 |
0 |
|
|a pol
|
| 043 |
|
|
|a e-pl---
|
| 044 |
|
|
|a pl
|c PL
|
| 072 |
|
7 |
|a 78
|x Hudba
|2 konspekt
|
| 080 |
|
|
|a 78:069.5
|2 2001
|
| 080 |
|
|
|a 025.177
|2 2001
|
| 080 |
|
|
|a 78.09:681.84
|2 2001
|
| 080 |
|
|
|a 681.854
|2 2001
|
| 080 |
|
|
|a (438)
|2 2001
|
| 080 |
|
|
|a (083.81)
|2 2001
|
| 110 |
2 |
|
|a Biblioteka Narodowa (Poľsko).
|b Zakład Zbiorów Dźwiękowych i Audiowizualnych
|4 aut
|9 317224
|
| 245 |
1 |
0 |
|a Katalog dokumentów Dźwiękowych Biblioteki Narodowej
|n Część 2
|p Płytowe nagrania akustyczne
|c opracowała Katarzyna Janczewska-Sołomko
|
| 246 |
3 |
0 |
|a Płytowe nagrania akustyczne
|
| 260 |
|
|
|a Warszawa
|b Biblioteka Narodowa
|c 2006
|
| 300 |
|
|
|a xi, 543 s.
|c 24 cm
|
| 500 |
|
|
|a Nad názvom: Biblioteka Narodowa. Zakład Zbiorów Dźwiękowych i Audiowizualnych
|
| 610 |
2 |
7 |
|a Biblioteka Narodowa (Poľsko).
|b Zakład Zbiorów Kartograficznych
|2 SNKKA
|9 89403
|
| 650 |
0 |
7 |
|a hudobné zbierky
|2 SNKPH
|9 3474
|
| 650 |
0 |
7 |
|a zvukové dokumenty
|2 SNKPH
|9 106111
|
| 650 |
0 |
7 |
|a hudobné nahrávky
|2 SNKPH
|9 1951
|
| 650 |
0 |
7 |
|a gramofónové platne
|2 SNKPH
|9 87790
|
| 651 |
|
7 |
|a Varšava (Poľsko)
|2 SNKPH
|9 25460
|
| 651 |
|
7 |
|a Poľsko
|2 SNKPH
|9 16755
|
| 655 |
|
7 |
|a katalógy
|2 SNKPH
|9 60821
|
| 700 |
1 |
|
|a Janczewska-Sołomko, Katarzyna
|4 com
|9 317225
|
| 919 |
|
|
|a 83-7009-486-4
|
| 919 |
|
|
|a 83-7009-478-3
|
| 999 |
|
|
|c 1170521
|d 1172451
|
| 952 |
|
|
|a SNK
|b SNK
|y VYP
|7 0
|p 17A0555808
|o snkIC 126718/2
|i snk2007/17138
|8 2
|g 11.29
|0 0
|1 0
|4 0
|d 2007-06-07
|l 0
|r 2026-02-24 21:02:20
|w 2026-02-24
|